Capitales des pays qui commencent par C - Statistiques

Statistiques générales
  • Ce quiz a été pris 356 fois
  • Le résultat moyen est 14 sur 18
Statistiques - réponses
Pays Capitales % Correct
Canada Ottawa
96%
Chine Pékin
96%
Corée du Sud Séoul
95%
Cuba La Havane
91%
Chili Santiago
91%
Croatie Zagreb
91%
Colombie Bogota
89%
Corée du Nord Pyongyang
84%
Chypre Nicosie
83%
RD Congo Kinshasa
80%
Congo Brazzaville
75%
Cameroun Yaounde
74%
Cambodge Phnom Penh
72%
Costa Rica San José
69%
Côte d'Ivoire Yamoussoukro
68%
Cap-Vert Praia
58%
Centrafrique Bangui
55%
Comores Moroni
50%
Aucun quiz correspondant
Distribution des résultats
% des personnes avec chaque résultat
Percentile par nombre de réponses
Votre historique - résultats
Vous n’avez pas pris ce quiz